00940cam a2200241 a 450000100100000000500170001000800410002704000250006804100130009308200180010610000470012424500770017126000450024830000280029349000160032150400210033765000310035865000350038983000230042495201150044795201210056299900150068300000316320200929150340.0800619s1970 nyu 001 f eng  aDO-SdBNPbspacBNPHU17aspaheng a813.54bP844c1 aPorter, Katherine Anne,d1890-1980.91000714aThe collected stories of Katherine Anne Porter /cKatherine Anne Porter. aNew York :bNew American Library,c1970. aviiii, 495 p. ;c24 cm.1 aPlume Books aIncluye índice 4aNovela estadounidense9262 4aLiteratura estadounidense9263 0aPlume Books910008 001050718MOaGRbGRcHDd2009-07-06iLF1l0o813.54 P844cp3163-10r2020-06-25w2020-06-25y1ZNo se presta 001150718MOaGRbGRcMId2017-06-05iLF1l0o813.54 P844cp3163-20r2020-06-25te. 2w2020-06-25y1ZNo se presta c2994d2994